Robert Siodmak Filmography - Statistics

General Stats
  • This quiz has been taken 2 times
  • The average score is 6 of 80
Answer Stats
Type Year Name % Correct
Film Director 1946 The Killers
100%
Film Director 1949 Criss Cross
50%
Film Director 1969 Kampf um Rom II - Der Verrat
50%
Film Director 1930 People on Sunday
50%
Film Screenplay 1930 People on Sunday
50%
Film Director 1944 Phantom Lady
50%
Film Director 1952 The Crimson Pirate
50%
Film Director 1949 The File on Thelma Jordan
50%
Film Director 1946 The Spiral Staircase
50%
Film Cameo 1946 The Spiral Staircase
50%
Film Director 1959 Adorable Sinner
0%
Film Director 1959 A Matter of Minutes
0%
Film Director 1931 Autour d'une enquête
0%
TV Documentary Appearance 1971 Bei sich zu Hause in Ascona: Robert Siodmak, Filmregisseur
0%
Film Editor 1927 Bezwinger der 1000 Gefahren
0%
Film Director 1937 Cargaison blanche
0%
Film Director 1944 Christmas Holiday
0%
Film Director 1944 Cobra Woman
0%
Film Story 1945 Conflict
0%
Film Director 1948 Cry of the City
0%
Film Director 1967 Custer of the West
0%
Film Director 1950 Deported
0%
Short Film Director 1930 Der Kampf mit dem Drachen oder: Die Tragödie des Untermieters
0%
Short Film Screenplay 1930 Der Kampf mit dem Drachen oder: Die Tragödie des Untermieters
0%
Film Cameo 1970 Ein großer graublauer Vogel
0%
Film Director 1962 Escape from East Berlin
0%
Film Director 1930 Farewell
0%
Film Director 1954 Flesh and the Woman
0%
Film Director 1942 Fly-By-Night
0%
Film Director 1939 Frères corses
0%
Film Director 1938 Hatred
0%
Film Director 1934 La crise est finie
0%
Film Director 1935 La vie parisienne
0%
Film Director 1960 Mein Schulfreund
0%
Film Production 1960 Mein Schulfreund
0%
Film Director 1956 Mein Vater, der Schauspieler
0%
TV Short Director 1958 Mord Nach Maß
0%
Film Director 1936 Mr. Flow
0%
Film Director 1942 My Heart Belongs to Daddy
0%
Film Screenplay 1954 On the Waterfront
0%
TV Show Production 1957 O.S.S.
0%
TV Show Director 1957-1958 O.S.S.
0%
Film Director 1936 Parisian Life
0%
Film Director 1939 Personal Column
0%
Film Director 1959 Portrait of a Sinner
0%
Film Production 1959 Portrait of a Sinner
0%
Film Director 1965 Pyramid of the Sun God
0%
Film Director 1932 Quick
0%
Film Director 1932 Quick
0%
Film Director 1943 Someone to Remember
0%
Film Director 1943 Son of Dracula
0%
Film Director 1936 Symphonie D'Amour
0%
Film Director 1933 The Burning Secret
0%
Film Screenplay 1933 The Burning Secret
0%
Film Director 1946 The Dark Mirror
0%
Film Director 1957 The Devil Strikes at Night
0%
Film Production 1957 The Devil Strikes at Night
0%
Film Director 1949 The Great Sinner
0%
Film Director 1968 The Last Roman
0%
Film Director 1931 The Man in Search of His Murderer
0%
Film Director 1942 The Night Before the Divorce
0%
Film Director 1961 The Nina B. Affair
0%
Film Screenplay 1961 The Nina B. Affair
0%
Film Director 1955 The Rats
0%
Film Director 1945 The Strange Affair of Uncle Henry
0%
Film Director 1944 The Suspect
0%
Film Director 1932 The Tempest
0%
TV Show Appearance 1961 The Tonight Show Starring Jack Paar
0%
Film Director 1951 The Whistle at Eaton Falls
0%
Film Director 1964 The Yellow One
0%
Film Screenplay 1964 The Yellow One
0%
Film Director 1947 Time Out of Mind
0%
Film Production 1947 Time Out of Mind
0%
Film Director 1965 Treasure of the Aztecs
0%
Film Director 1932 Tumultes
0%
Film Director 1938 Ultimatum
0%
Film Director 1931 Voruntersuchung
0%
Film Screenplay 1931 Voruntersuchung
0%
Film Director 1933 Weaker Sex
0%
Film Director 1941 West Point Widow
0%
No matching quizzes found
Score Distribution
Percent of People with Each Score
Percentile by Number Answered
Your Score History
You have not taken this quiz